书目信息 |
| 题名: |
男性的心理
|
|
| 作者: | 国分康孝 , 国分久子 著 ;何培明 , 耿倩 译 | |
| 分册: | ||
| 出版信息: | 北京 国际文化出版公司 1989.2 |
|
| 页数: | 144页 | |
| 开本: | 19cm | |
| 丛书名: | ||
| 单 册: | ||
| 中图分类: | C912.69 | |
| 科图分类: | 59.889 | |
| 主题词: | 男性-心理学 , 心理学-男性 | |
| 电子资源: | ||
| ISBN: | 7-80049-254-0 | |
| 000 | 01047nam0 2200289 45 | |
| 001 | 1531277043 | |
| 005 | 20150130084207.37 | |
| 010 | @a7-80049-254-0@dCNY1.85 | |
| 100 | @a19921105d1989 em y0chiy0121 ea | |
| 101 | 1 | @achi@cjpn |
| 102 | @aCN@b110000 | |
| 105 | @ay z 000yy | |
| 200 | 10 | @a男性的心理@ANAN XING DE XIN LI@f(日)国分康孝,(日)国分久子著@F( RI ) GUO FEN KANG XIAO ,( RI ) GUO FEN JIU ZI ZHU@g何培明,耿 倩译 |
| 210 | @a北京@c国际文化出版公司@d1989.2 | |
| 215 | @a144页@d19cm | |
| 330 | @a本书通过男性对待生活、工作、朋友、女友、婚姻等的各种心理活动特点,揭示了深奥的心理学原理,随着时代的进步,结合现代男性的心理特点,深刻透彻地刻画出当代男性应具有的气质。 | |
| 540 | 1 | @a男性 心理@ANAN XING XIN LI |
| 606 | @a男性-心理学 | |
| 606 | @a心理学-男性 | |
| 690 | @aC912.69@v三版 | |
| 692 | @a59.889 | |
| 701 | @a国分康孝@AGUO FEN KANG XIAO@4著 | |
| 701 | 0 | @a国分久子@AGUO FEN JIU ZI@4著 |
| 702 | 0 | @a何培明@AHE PEI MING@4译 |
| 702 | 0 | @a耿倩@AGENG QIAN@4译 |
| 801 | 0 | @aCN@bTSSF@c20150130 |
| 905 | @aZUCC@dC912.69@eJY2 | |
| 男性的心理/(日)国分康孝,(日)国分久子著/何培明,耿 倩译.-北京:国际文化出版公司,1989.2 |
| 144页;19cm |
| ISBN 7-80049-254-0:CNY1.85 |
| 本书通过男性对待生活、工作、朋友、女友、婚姻等的各种心理活动特点,揭示了深奥的心理学原理,随着时代的进步,结合现代男性的心理特点,深刻透彻地刻画出当代男性应具有的气质。 |
| ● |
| 相关链接 |
|
|
|
|
正题名:男性的心理
索取号:C912.69/JY2
 
预约/预借
| 序号 | 登录号 | 条形码 | 馆藏地/架位号 | 状态 | 备注 |
| 1 | 7847093 | 278470931 | 学院路分馆/ [索取号:C912.69/JY2] | 在馆 | |
| 2 | 7847094 | 278470940 | 学院路分馆/ [索取号:C912.69/JY2] | 在馆 |